Statistics for Latin American Countries Map Quiz

Click here to take the quiz!

General Stats

  • This quiz has been taken 17,886 times
    (6,494 since last reset)
  • The average score is 16 of 20

Answers on the Map

Answers color-coded by a green-red scale on the quiz's map according to % correct below.
Loading ...
 

Answer Stats

Answer % Correct
Mexico
90%
Brazil
90%
Chile
87%
Argentina
86%
Panama
82%
Paraguay
80%
Colombia
79%
Peru
79%
Cuba
78%
Venezuela   
78%
Bolivia
77%
Uruguay
77%
Dominican Rep.
77%
Ecuador
75%
Guatemala
71%
El Salvador
71%
Costa Rica
70%
Haiti
70%
Nicaragua
68%
Honduras
66%

Score Distribution

Percentile by Number Answered

Percent of People with Each Score

Your Score History

You have not taken this quiz since the last reset